• 首页
  • 本馆介绍
  • 公告通知
  • 最新文献
  • 馆藏检索
  • 电子资源
  • 读者导购
  • 参考咨询
  • 我的图书馆
  • 登录
  • 详细信息显示
  • 放入我的书架
  • 预约/预借图书
  • 作者相关作品
  • 分类相关作品
  • 丛书相关作品
  • 出版社相关作品

书目信息

  • 表格格式
  • 工作单格式
  • 卡片格式
题名:
有机草莓生产指南
    
 
作者: 卡略尔 , 普里茨 , 黑得瑞赤 主编 ;张运涛 , 张国珍 主译
分册:  
出版信息: 北京   中国农业出版社  2013
页数: 114页
开本: 21cm
丛书名:
单 册:
中图分类: S668.4
科图分类:
主题词: 草莓--果树园艺--无污染技术 , 草莓 , 果树园艺 , 无污染技术
电子资源:
ISBN: 978-7-109-18183-0
000 01341nam0 2200349 450
001 012015000801
005 20150914162200.15
010    @a978-7-109-18183-0@dCNY20.00
100    @a20140429d2013 em y0chiy50 ea
101 1  @achi@ceng
102    @aCN@b110000
105    @ay z 000yy
106    @ar
200 1  @a有机草莓生产指南@Ayou ji cao mei sheng chan zhi nan@dProduction guide for organic strawberries@f(美)J. 卡略尔,(美)M. 普里茨,(美)C. 黑得瑞赤主编@g张运涛,张国珍主译@zeng
210    @a北京@c中国农业出版社@d2013
215    @a114页@d21cm
300    @a第七届世界草莓大会系列译文集 6
305    @a由New York state integrated pest management program授权出版
330    @a本书介绍了有机认证原则、土壤改良、覆盖作物种植、地点和品种选择技术等,同时重点论述了有机草莓养分管理和病虫害综合治理(IPM)技术。
510 1  @aProduction guide for organic strawberries@zeng
606 0  @a草莓@x果树园艺@x无污染技术
606 0  @a草莓
606 0  @a果树园艺
606 0  @a无污染技术
690    @aS668.4@v5
701  1 @c(美)@a卡略尔@Aka lue er@4主编
701  1 @c(美)@a普里茨@Apu li ci@4主编
701  1 @c(美)@a黑得瑞赤@Ahei de rui chi@4主编
702  0 @a张运涛@Azhang yun tao@f(1963~)@4主译
702  0 @a张国珍@Azhang guo zhen@c(女,教授)@4主译
801  0 @aCN@b碧洲教育@c20150718
905    @a10447@f4@dS668.4@e336
    
    有机草莓生产指南=Production guide for organic strawberries/(美)J. 卡略尔,(美)M. 普里茨,(美)C. 黑得瑞赤主编/张运涛,张国珍主译.-北京:中国农业出版社,2013
    114页;21cm
    第七届世界草莓大会系列译文集 6
    
    ISBN 978-7-109-18183-0:CNY20.00
    本书介绍了有机认证原则、土壤改良、覆盖作物种植、地点和品种选择技术等,同时重点论述了有机草莓养分管理和病虫害综合治理(IPM)技术。
●
相关链接 在E读中查询图书 在五车中查询图书 在当当中查询图书 在豆瓣中查询图书


正题名:有机草莓生产指南     索取号:S668.4/336         预约/预借

序号 登录号 条形码 馆藏地/架位号 状态 备注
1 0847979   208479797   第二样本阅览室/ [索取号:S668.4/336] 在馆    
2 0847980   208479804   第三借阅区/ [索取号:S668.4/336] 在馆    
3 0847981   208479813   第三借阅区/ [索取号:S668.4/336] 在馆    
4 0847982   208479822   密集书库-生命科学系/ [索取号:S668.4/336] 在馆    
唐山师范学院图书馆 欢迎您!
大连网信软件有限公司© 版权所有